Labour Emigration in Conditions of Slovak Republic
Medzinárodná pracovná migrácia sa stala hlavnou globálnou otázkou o medzinárodných, regionálnych a národných agendách. Charakteristika miery emigrácie za prácou v podmienkach Slovenskej republiky. Motívy pracovnej migrácie tých osôb, ktoré sa narodili na Slovensku a dôvody prečo dobrovoľne alebo nás...
Salvato in:
| Autore principale: | |
|---|---|
| Altri autori: | |
| Natura: | Capitolo di libro |
| Lingua: | inglese |
| Soggetti: | |
| Tags: |
Nessun Tag, puoi essere il primo ad aggiungerne!!
|
MARC
| LEADER | 00000nla a2200000 4500 | ||
|---|---|---|---|
| 001 | 0246679 | ||
| 005 | 20240417075142.2 | ||
| 041 | 0 | |a eng | |
| 044 | |a SK | ||
| 245 | 1 | 0 | |a Labour Emigration in Conditions of Slovak Republic |c Patrik Bulko, Emília Krajňáková |
| 520 | |a Medzinárodná pracovná migrácia sa stala hlavnou globálnou otázkou o medzinárodných, regionálnych a národných agendách. Charakteristika miery emigrácie za prácou v podmienkach Slovenskej republiky. Motívy pracovnej migrácie tých osôb, ktoré sa narodili na Slovensku a dôvody prečo dobrovoľne alebo násilne emigrovali do zahraničia. | ||
| 610 | 2 | 0 | |a pohyb síl pracovných |
| 610 | 2 | 0 | |a pohyb síl pracovných medzinárodný |
| 610 | 2 | 0 | |a Slovensko |
| 610 | 2 | 0 | |a trh práce |
| 610 | 2 | 0 | |a migrácia |
| 610 | 2 | 0 | |a zamestnanosť |
| 100 | 1 | |a Bulko, Patrik | |
| 700 | 1 | |a Krajňáková, Emília | |